[Event "IECG QA.2005.0.00061"]
[Site "IECG email"]
[Date "2005.02.03"]
[Round "?"]
[White "Martin, Antonio C"]
[Black "Manukyan, Artak"]
[Result "1/2-1/2"]
[WhiteElo "2140"]
[BlackElo "2117"]
[PlyCount "88"]
[EventDate "2005.02.03"]
[EventType "tourn (corr)"]
[EventRounds "6"]
[SourceTitle "Corr 2008"]
[Source "ChessBase"]
[SourceDate "2008.06.24"]
[SourceVersion "1"]
[SourceVersionDate "2008.06.24"]
[SourceQuality "1"]

1. e4 c5 2. Nf3 d6 3. d4 cxd4 4. Nxd4 Nf6 5. Nc3 a6 6. Be2 e5 7. Nb3 Be7 8. 0-0 0-0 9. Bg5 Be6 10. f4 Nc6 11. Bxf6 Bxf6 12. f5 Bxb3 13. axb3 Nb4 14. Nd5 Nxd5 15. Qxd5 Rc8 16. Qxb7 Rxc2 17. Bxa6 Bh4 18. Kh1 Qg5 19. Rg1 Bg3 20. Bc4 Rxc4 21. bxc4 Bxh2 22. Ra8 Bxg1 23. Rxf8+ Kxf8 24. Qb8+ Ke7 25. Qc7+ Ke8 26. Qc6+ Ke7 27. Kxg1 Qc1+ 28. Kh2 Qf4+ 29. Kh3 g5 30. g3 Qf1+ 31. Kg4 Qd1+ 32. Kxg5 h6+ 33. Kxh6 Qd2+ 34. Kh5 Kf6 35. Kh4 Qg5+ 36. Kh3 Qh5+ 37. Kg2 Qe2+ 38. Kg1 Qd1+ 39. Kf2 Qd2+ 40. Kf3 Qd3+ 41. Kg4 Qd1+ 42. Kh4 Qh1+ 43. Kg4 Qd1+ 44. Kh4 Qh1+ 1/2-1/2

[Event "IECG LM.2001.0.00007 email"]
[Site "IECG email"]
[Date "2001.05.20"]
[Round "?"]
[White "Ibar, Marcelo Rodolfo"]
[Black "Manukyan, Artak"]
[Result "1-0"]
[WhiteElo "2266"]
[BlackElo "2052"]
[PlyCount "97"]
[EventDate "2001.05.20"]
[EventType "tourn (corr)"]
[EventRounds "14"]
[SourceTitle "Corr 2008"]
[Source "ChessBase"]
[SourceDate "2008.06.24"]
[SourceVersion "1"]
[SourceVersionDate "2008.06.24"]
[SourceQuality "1"]

1. d4 d5 2. Nf3 Nf6 3. c4 c6 4. Nc3 e6 5. e3 Nbd7 6. Qc2 Bd6 7. Bd3 0-0 8. 0-0 dxc4 9. Bxc4 Qe7 10. a3 e5 11. h3 Bb8 12. Ba2 h6 13. Bd2 Re8 14. e4 exd4 15. Nxd4 Qe5 16. Nf3 Qh5 17. Rae1 Ne5 18. Nh2 Bxh3 19. gxh3 Qxh3 20. f4 Nfg4 21. Bc1 Nxh2 22. Qxh2 Nf3+ 23. Rxf3 Qxf3 24. Rf1 Qg4+ 25. Qg2 Qxg2+ 26. Kxg2 Bc7 27. Be3 Rad8 28. e5 Rd3 29. Bxa7 Red8 30. Rf2 b6 31. Na4 Rd2 32. e6 fxe6 33. Bxe6+ Kf8 34. Nxb6 Rxf2+ 35. Kxf2 Rd2+ 36. Ke3 Rxb2 37. Nc4 Rb1 38. Bc5+ Ke8 39. Ne5 Bxe5 40. fxe5 Re1+ 41. Kd4 Rd1+ 42. Ke4 Rf1 43. Bf5 Re1+ 44. Kd4 Rd1+ 45. Bd3 Kf7 46. a4 Ra1 47. Bc2 h5 48. Bb3+ Ke8 49. e6 1-0

[Event "IECG LM.2001.0.00007 email"]
[Site "IECG email"]
[Date "2001.05.20"]
[Round "?"]
[White "Manukyan, Artak"]
[Black "Chetvertakoff, Valery"]
[Result "1/2-1/2"]
[WhiteElo "2052"]
[BlackElo "2194"]
[PlyCount "60"]
[EventDate "2001.05.20"]
[EventType "tourn (corr)"]
[EventRounds "14"]
[SourceTitle "Corr 2008"]
[Source "ChessBase"]
[SourceDate "2008.06.24"]
[SourceVersion "1"]
[SourceVersionDate "2008.06.24"]
[SourceQuality "1"]

1. e4 Nf6 2. e5 Nd5 3. d4 d6 4. Nf3 Bg4 5. Be2 e6 6. 0-0 Be7 7. c4 Nb6 8. exd6 cxd6 9. Nbd2 Nc6 10. b3 0-0 11. Bb2 Qb8 12. Re1 d5 13. Ne5 Nxe5 14. dxe5 Bf5 15. cxd5 Nxd5 16. Bg4 Bg6 17. Bh5 Rd8 18. Bxg6 hxg6 19. Re4 Rd7 20. Nf3 Qf8 21. Rc1 Rad8 22. Qd2 Ba3 23. Bxa3 Qxa3 24. Rd4 Ne7 25. Rcc4 Rxd4 26. Rxd4 Rxd4 27. Nxd4 Qc5 28. Nf3 Nd5 29. g3 Kf8 30. Kg2 a6 1/2-1/2

[Event "IECG LM.2001.0.00007 email"]
[Site "IECG email"]
[Date "2001.05.20"]
[Round "?"]
[White "Manukyan, Artak"]
[Black "Nava Baro, Enrique"]
[Result "1/2-1/2"]
[WhiteElo "2052"]
[BlackElo "2058"]
[PlyCount "60"]
[EventDate "2001.05.20"]
[EventType "tourn (corr)"]
[EventRounds "14"]
[SourceTitle "Corr 2008"]
[Source "ChessBase"]
[SourceDate "2008.06.24"]
[SourceVersion "1"]
[SourceVersionDate "2008.06.24"]
[SourceQuality "1"]

1. e4 e6 2. d4 d5 3. e5 c5 4. c3 Nc6 5. Nf3 Bd7 6. Be2 Nge7 7. 0-0 Nf5 8. Bd3 cxd4 9. Bxf5 exf5 10. Nxd4 Be7 11. Re1 0-0 12. Qd3 Re8 13. Nd2 Bc5 14. N4b3 Rxe5 15. Rd1 Bb6 16. Nf3 Re4 17. Qxd5 Be6 18. Qxd8+ Rxd8 19. Rxd8+ Nxd8 20. Nbd4 Bxd4 21. cxd4 Bd5 22. Be3 f4 23. Ng5 fxe3 24. Nxe4 Bxe4 25. fxe3 Kf8 26. Kf2 Ke7 27. g4 Nc6 28. a3 Kd6 29. g5 Ke6 30. Kg3 f5 1/2-1/2

[Event "IECG LM.2001.0.00007 email"]
[Site "IECG email"]
[Date "2001.05.20"]
[Round "?"]
[White "Matic, Davor"]
[Black "Manukyan, Artak"]
[Result "1/2-1/2"]
[WhiteElo "2380"]
[BlackElo "2052"]
[PlyCount "81"]
[EventDate "2001.05.20"]
[EventType "tourn (corr)"]
[EventRounds "14"]
[SourceTitle "Corr 2008"]
[Source "ChessBase"]
[SourceDate "2008.06.24"]
[SourceVersion "1"]
[SourceVersionDate "2008.06.24"]
[SourceQuality "1"]

1. e4 c5 2. Nf3 d6 3. d4 cxd4 4. Nxd4 Nf6 5. Nc3 a6 6. Bg5 e6 7. f4 Qb6 8. Qd2 Qxb2 9. Nb3 Qa3 10. Bxf6 gxf6 11. Be2 Nc6 12. 0-0 Bd7 13. Kh1 Rc8 14. Bh5 Bg7 15. Rf3 0-0 16. Rd1 f5 17. exf5 exf5 18. Rg3 Be6 19. Nd4 Kh8 20. Nxe6 fxe6 21. Ne4 Qxa2 22. Nxd6 Rcd8 23. Rb3 Rd7 24. Rxb7 Rxb7 25. Nxb7 Nd4 26. Qe3 Qd5 27. Bf3 Qc4 28. Nd6 Qb4 29. c3 Qxd6 30. cxd4 a5 31. Qc1 a4 32. d5 e5 33. Qc6 Qxc6 34. dxc6 e4 35. Be2 a3 36. c7 a2 37. Bc4 a1Q 38. Rxa1 Bxa1 39. Be6 Kg7 40. c8Q Rxc8 41. Bxc8 1/2-1/2

[Event "IECG C1.2000.0.00290"]
[Site "IECG email"]
[Date "2000.06.30"]
[Round "?"]
[White "Manukyan, Artak"]
[Black "Galvin, John H"]
[Result "1-0"]
[WhiteElo "2052"]
[BlackElo "1993"]
[PlyCount "65"]
[EventDate "2000.06.30"]
[EventType "tourn (corr)"]
[EventRounds "6"]
[SourceTitle "Corr 2008"]
[Source "ChessBase"]
[SourceDate "2008.06.24"]
[SourceVersion "1"]
[SourceVersionDate "2008.06.24"]
[SourceQuality "1"]

1. e4 c5 2. Nf3 d6 3. Bb5+ Nc6 4. 0-0 Bd7 5. Re1 Nf6 6. c3 a6 7. Ba4 c4 8. d4 cxd3 9. Bg5 e6 10. Qxd3 h6 11. Bf4 e5 12. Be3 Be7 13. c4 Ng4 14. Nc3 0-0 15. a3 Nxe3 16. Qxe3 Bg4 17. Nd5 Rc8 18. Nb6 Rb8 19. Nd5 Bxf3 20. Qxf3 Nd4 21. Qd3 Bg5 22. Bd1 Qc8 23. f4 Bh4 24. Rf1 Qc5 25. b4 Qa7 26. Kh1 exf4 27. Nxf4 Nc6 28. Bb3 Rfe8 29. c5 Ne5 30. Qh3 Bg5 31. cxd6 Qd4 32. Rad1 Qxe4 33. d7 1-0

[Event "Francisco Bailen mem corr"]
[Site "UECC"]
[Date "2000.05.25"]
[Round "5.18"]
[White "Rosner, Dirk"]
[Black "Manukyan, Artak"]
[Result "1/2-1/2"]
[WhiteElo "2219"]
[BlackElo "2205"]
[PlyCount "92"]
[EventDate "2000.03.??"]
[EventType "team (corr)"]
[EventRounds "10"]
[SourceTitle "Corr 2008"]
[Source "ChessBase"]
[SourceDate "2008.06.24"]
[SourceVersion "1"]
[SourceVersionDate "2008.06.24"]
[SourceQuality "1"]

1. b4 e5 2. Bb2 Bxb4 3. Bxe5 Nf6 4. e3 0-0 5. Nc3 Nc6 6. Bxf6 Qxf6 7. Nd5 Qd6 8. Nxb4 Qxb4 9. Nf3 d5 10. Be2 Re8 11. 0-0 d4 12. Rb1 Qd6 13. Nxd4 Nxd4 14. exd4 Qxd4 15. Re1 Bd7 16. Rxb7 Bc6 17. Rb3 Qe4 18. f3 Qd4+ 19. Kh1 Qf2 20. Rb1 Bd5 21. a3 c6 22. Bd3 Qc5 23. c4 Be6 24. Qc2 h6 25. Re3 Rad8 26. f4 Bd7 27. Qc3 Rxe3 28. dxe3 Bf5 29. Bxf5 Qxf5 30. Re1 Rd3 31. Qb4 Qe4 32. c5 Qxb4 33. axb4 Rb3 34. Ra1 Rxb4 35. h4 Rb5 36. Rxa7 Rxc5 37. Kg1 h5 38. Kf2 Rc2+ 39. Kf3 f5 40. Ra5 c5 41. Ra7 Kh7 42. Rd7 c4 43. Rd4 g6 44. Rd8 Kg7 45. Rc8 Kf6 46. Rc6+ Kf7 1/2-1/2

[Event "Francisco Bailen mem corr"]
[Site "UECC"]
[Date "2000.05.22"]
[Round "8.18"]
[White "Manukyan, Artak"]
[Black "Isidro, Miguel"]
[Result "1/2-1/2"]
[WhiteElo "2205"]
[BlackElo "2124"]
[PlyCount "47"]
[EventDate "2000.03.??"]
[EventType "team (corr)"]
[EventRounds "10"]
[SourceTitle "Corr 2008"]
[Source "ChessBase"]
[SourceDate "2008.06.24"]
[SourceVersion "1"]
[SourceVersionDate "2008.06.24"]
[SourceQuality "1"]

1. e4 c5 2. Nf3 e6 3. c3 Nf6 4. e5 Nd5 5. d4 cxd4 6. cxd4 d6 7. Bc4 Nc6 8. 0-0 Be7 9. Qe2 0-0 10. Rd1 a6 11. Nc3 Nxc3 12. bxc3 Qc7 13. exd6 Bxd6 14. Bd3 b5 15. a4 Bb7 16. axb5 axb5 17. Rxa8 Bxa8 18. h3 b4 19. c4 b3 20. Bb2 Nb4 21. c5 Bf4 22. Bc4 Bd5 23. Bxd5 Nxd5 24. Ra1 1/2-1/2

[Event "Francisco Bailen mem corr"]
[Site "UECC"]
[Date "2000.05.15"]
[Round "13.18"]
[White "Gomez, Amparo"]
[Black "Manukyan, Artak"]
[Result "0-1"]
[WhiteElo "1400"]
[BlackElo "2205"]
[PlyCount "38"]
[EventDate "2000.03.??"]
[EventType "team (corr)"]
[EventRounds "10"]
[SourceTitle "Corr 2008"]
[Source "ChessBase"]
[SourceDate "2008.06.24"]
[SourceVersion "1"]
[SourceVersionDate "2008.06.24"]
[SourceQuality "1"]

1. d4 d6 2. e4 g6 3. Nf3 Bg7 4. Nc3 Nf6 5. Be2 0-0 6. 0-0 c6 7. h3 Nbd7 8. e5 Ne8 9. Bc4 Nb6 10. Bd3 dxe5 11. dxe5 Nc7 12. Qe2 Ncd5 13. Nxd5 cxd5 14. Bf4 Qc7 15. Qd2 e6 16. Bh6 Nc4 17. Bxc4 Qxc4 18. Nd4 Bxh6 19. Qxh6 Qxd4 0-1

[Event "Francisco Bailen mem corr"]
[Site "UECC"]
[Date "2000.04.28"]
[Round "12.18"]
[White "Manukyan, Artak"]
[Black "Riojo, Francisco"]
[Result "1-0"]
[WhiteElo "2205"]
[BlackElo "1963"]
[PlyCount "53"]
[EventDate "2000.03.??"]
[EventType "team (corr)"]
[EventRounds "10"]
[SourceTitle "Corr 2008"]
[Source "ChessBase"]
[SourceDate "2008.06.24"]
[SourceVersion "1"]
[SourceVersionDate "2008.06.24"]
[SourceQuality "1"]

1. e4 e5 2. Nf3 Nf6 3. Nxe5 d6 4. Nf3 Nxe4 5. d4 d5 6. Bd3 Nc6 7. 0-0 Bg4 8. c4 Nf6 9. cxd5 Bxf3 10. Qxf3 Qxd5 11. Qe2+ Be7 12. Bb5 Qd6 13. Nc3 0-0 14. Bxc6 bxc6 15. Be3 Nd5 16. Rac1 Rab8 17. b3 Rfe8 18. Qf3 Rb6 19. Nxd5 cxd5 20. Bf4 Qf6 21. Rxc7 g5 22. Bg3 Qxf3 23. gxf3 Ra6 24. Re1 Kf8 25. Rd7 Rxa2 26. Rdxe7 Rxe7 27. Bd6 1-0

[Event "IECC CL1-2000.12"]
[Site "IECC email"]
[Date "2000.03.28"]
[Round "?"]
[White "Jostes, Marko"]
[Black "Manukyan, Artak"]
[Result "1-0"]
[WhiteElo "2186"]
[BlackElo "2209"]
[PlyCount "55"]
[EventDate "2000.??.??"]
[EventType "tourn (corr)"]
[EventRounds "4"]
[SourceTitle "Corr 2008"]
[Source "ChessBase"]
[SourceDate "2008.06.24"]
[SourceVersion "1"]
[SourceVersionDate "2008.06.24"]
[SourceQuality "1"]

1. e4 c5 2. Nf3 e6 3. d4 cxd4 4. Nxd4 a6 5. Bd3 Bc5 6. Nb3 Ba7 7. Qe2 Nc6 8. Be3 d6 9. Nc3 b5 10. Bxa7 Rxa7 11. f4 Nf6 12. 0-0 b4 13. Nd1 e5 14. Ne3 Qb6 15. Kh1 exf4 16. Rxf4 Be6 17. Bc4 Ne5 18. Bd5 0-0 19. Raf1 Bxd5 20. exd5 Rc7 21. Qd2 Rb8 22. Rxf6 gxf6 23. Nf5 Qb5 24. Re1 Qe8 25. Qh6 Qf8 26. Qxf6 Ng6 27. Nbd4 h6 28. Ne6 1-0

[Event "IECC CL1-2000.11"]
[Site "IECC email"]
[Date "2000.03.21"]
[Round "?"]
[White "Valverde Toresano, Andres"]
[Black "Manukyan, Artak"]
[Result "1/2-1/2"]
[WhiteElo "2207"]
[BlackElo "2209"]
[PlyCount "128"]
[EventDate "2000.??.??"]
[EventType "tourn (corr)"]
[EventRounds "4"]
[SourceTitle "Corr 2008"]
[Source "ChessBase"]
[SourceDate "2008.06.24"]
[SourceVersion "1"]
[SourceVersionDate "2008.06.24"]
[SourceQuality "1"]

1. e4 c5 2. Nf3 d6 3. d4 cxd4 4. Nxd4 Nf6 5. Nc3 g6 6. Be3 Bg7 7. f3 Nc6 8. Bc4 0-0 9. Qd2 Bd7 10. h4 Rc8 11. Bb3 h5 12. 0-0-0 Ne5 13. Bh6 Nc4 14. Bxc4 Rxc4 15. Bxg7 Kxg7 16. g4 hxg4 17. h5 Rh8 18. hxg6 fxg6 19. f4 e5 20. Nde2 Rxh1 21. Rxh1 Nxe4 22. Nxe4 Rxe4 23. fxe5 Rxe5 24. Qh6+ Kf7 25. Qh7+ Kf6 26. Rf1+ Kg5 27. Nf4 Bf5 28. Ng2 Kf6 29. Qh4+ g5 30. Qh6+ Kf7 31. Ne3 Qf6 32. Qxf6+ Kxf6 33. Nxg4+ Kg6 34. Nxe5+ dxe5 35. Kd2 g4 36. c4 Be4 37. Ke3 Bf3 38. b4 Kf5 39. c5 a6 40. a4 Ke6 41. b5 axb5 42. axb5 Bd5 43. Rc1 Kd7 44. Kf2 Kc7 45. Kg3 Bf3 46. Re1 e4 47. Kf4 Kd7 48. Rc1 Be2 49. Rb1 Bd3 50. Rb4 Be2 51. Rd4+ Kc7 52. Rb4 Kd7 53. Kxe4 g3 54. Ke3 g2 55. Kf2 Bf1 56. Rb1 Kc7 57. b6+ Kc6 58. Rc1 Kd7 59. Rc2 Kc6 60. Rc3 Kd7 61. Rg3 Kc6 62. Rg5 Bc4 63. Kxg2 Bd5+ 64. Kf2 Kxc5 1/2-1/2

[Event "IECC CL1-2000.10"]
[Site "IECC email"]
[Date "2000.03.01"]
[Round "?"]
[White "Monteverde, Italo"]
[Black "Manukyan, Artak"]
[Result "0-1"]
[WhiteElo "2335"]
[BlackElo "2202"]
[PlyCount "84"]
[EventDate "2000.??.??"]
[EventType "tourn (corr)"]
[EventRounds "4"]
[SourceTitle "Corr 2008"]
[Source "ChessBase"]
[SourceDate "2008.06.24"]
[SourceVersion "1"]
[SourceVersionDate "2008.06.24"]
[SourceQuality "1"]

1. d4 d6 2. Nd2 Nf6 3. Ngf3 Bf5 4. Nh4 Bg4 5. h3 Bh5 6. g4 Bg6 7. Bg2 c6 8. Nxg6 hxg6 9. c4 e5 10. d5 Be7 11. Nb1 0-0 12. Nc3 Qb6 13. Qd2 Nbd7 14. b3 Rfc8 15. Bb2 cxd5 16. Bxd5 Nxd5 17. Nxd5 Qd8 18. Nxe7+ Qxe7 19. h4 Qe6 20. f3 Rc6 21. h5 gxh5 22. Rxh5 Nf8 23. e4 Ng6 24. Qh2 Rac8 25. Rd1 a6 26. Qg3 b5 27. cxb5 axb5 28. Rh2 Ra8 29. Ra1 d5 30. exd5 Qxd5 31. Rd2 Qe6 32. Kf1 Rd6 33. Qe1 Rxd2 34. Qxd2 Qf6 35. Qe2 Qh4 36. Kg1 Rd8 37. Rd1 Qg3+ 38. Kf1 Qh3+ 39. Kg1 Rxd1+ 40. Qxd1 Nf4 41. Qf1 Qg3+ 42. Kh1 Nh3 0-1

[Event "IECC CL1-2000.07"]
[Site "IECC email"]
[Date "2000.01.11"]
[Round "?"]
[White "Hage, Henk H"]
[Black "Manukyan, Artak"]
[Result "1-0"]
[WhiteElo "2331"]
[BlackElo "2224"]
[PlyCount "77"]
[EventDate "2000.??.??"]
[EventType "tourn (corr)"]
[EventRounds "4"]
[SourceTitle "Corr 2008"]
[Source "ChessBase"]
[SourceDate "2008.06.24"]
[SourceVersion "1"]
[SourceVersionDate "2008.06.24"]
[SourceQuality "1"]

1. e4 c6 2. d4 d5 3. Nc3 dxe4 4. Nxe4 Bf5 5. Ng3 Bg6 6. h4 h6 7. Nf3 Nd7 8. h5 Bh7 9. Bd3 Bxd3 10. Qxd3 Qc7 11. Bd2 Ngf6 12. 0-0-0 e6 13. Ne4 0-0-0 14. g3 Nxe4 15. Qxe4 Bd6 16. c4 Nf6 17. Qc2 c5 18. d5 exd5 19. cxd5 Ng4 20. Bc3 Rhe8 21. Nh4 Be5 22. Rhe1 Bxc3 23. Qxc3 Rxe1 24. Qxe1 Qd7 25. Qc3 Nf6 26. d6 Kb8 27. Qe5 Re8 28. Qf5 Re6 29. g4 b6 30. f3 Ne8 31. Qf4 Rf6 32. Nf5 g6 33. hxg6 fxg6 34. Re1 Nxd6 35. Qe5 Rxf5 36. gxf5 gxf5 37. Rg1 Ka8 38. Rg8+ Nc8 39. Rf8 1-0

[Event "IECC CL1-2000.04"]
[Site "IECC email"]
[Date "1999.11.23"]
[Round "?"]
[White "Berendsen, Richard"]
[Black "Manukyan, Artak"]
[Result "0-1"]
[WhiteElo "2200"]
[BlackElo "2230"]
[PlyCount "68"]
[EventDate "2000.??.??"]
[EventType "tourn (corr)"]
[EventRounds "4"]
[SourceTitle "Corr 2008"]
[Source "ChessBase"]
[SourceDate "2008.06.24"]
[SourceVersion "1"]
[SourceVersionDate "2008.06.24"]
[SourceQuality "1"]

1. e4 c5 2. Nf3 e6 3. d4 cxd4 4. Nxd4 a6 5. Bd3 Bc5 6. Nb3 Ba7 7. Nc3 Nc6 8. Qe2 Nge7 9. Be3 b5 10. Bxa7 Rxa7 11. e5 Qc7 12. f4 d6 13. exd6 Qxd6 14. 0-0 0-0 15. Ne4 Qc7 16. c3 Nd5 17. Qf2 e5 18. f5 f6 19. Ng3 Nf4 20. Be4 Ne7 21. Ne2 Nxe2+ 22. Qxe2 Qb6+ 23. Qf2 Qxf2+ 24. Rxf2 Rd8 25. Nc5 Rc7 26. b4 a5 27. a3 Kf7 28. Kf1 Ra7 29. Bd3 Nd5 30. Rc1 axb4 31. axb4 Ra3 32. Bxb5 Rxc3 33. Rxc3 Nxc3 34. Rf3 Nxb5 0-1

[Event "IECC CL1-2000.04"]
[Site "IECC email"]
[Date "1999.11.23"]
[Round "?"]
[White "Manukyan, Artak"]
[Black "Kiese, Matthias"]
[Result "1/2-1/2"]
[WhiteElo "2220"]
[BlackElo "2273"]
[PlyCount "46"]
[EventDate "2000.??.??"]
[EventType "tourn (corr)"]
[EventRounds "4"]
[SourceTitle "Corr 2008"]
[Source "ChessBase"]
[SourceDate "2008.06.24"]
[SourceVersion "1"]
[SourceVersionDate "2008.06.24"]
[SourceQuality "1"]

1. e4 c5 2. Nf3 d6 3. c3 Nf6 4. Qc2 Qc7 5. d4 cxd4 6. Nxd4 a6 7. Bd3 g6 8. 0-0 Bg7 9. Rd1 0-0 10. Nd2 Nbd7 11. N2b3 Nc5 12. Bg5 b5 13. Bxf6 Bxf6 14. Qe2 Nxd3 15. Rxd3 Bb7 16. Rad1 Rac8 17. Qg4 Qb6 18. Nc2 Rc4 19. Nd2 Ra4 20. a3 Bg7 21. Qh4 Bf6 22. Qg4 Bg7 23. Qh4 Bf6 1/2-1/2

[Event "IECC CL1-2000.02 "]
[Site "IECC email"]
[Date "1999.11.04"]
[Round "?"]
[White "Jimenez Alonso, Julio"]
[Black "Manukyan, Artak"]
[Result "0-1"]
[WhiteElo "2097"]
[BlackElo "2205"]
[PlyCount "72"]
[EventDate "2000.??.??"]
[EventType "tourn (corr)"]
[EventRounds "4"]
[SourceTitle "Corr 2008"]
[Source "ChessBase"]
[SourceDate "2008.06.24"]
[SourceVersion "1"]
[SourceVersionDate "2008.06.24"]
[SourceQuality "1"]

1. d4 d5 2. c4 dxc4 3. Nf3 Nf6 4. e3 e6 5. Bxc4 c5 6. 0-0 a6 7. Qe2 b5 8. Bb3 Nc6 9. Nc3 Bb7 10. Rd1 Na5 11. Bc2 Qb6 12. e4 cxd4 13. Nxd4 Bc5 14. Be3 0-0 15. e5 Nd7 16. Nf3 Bxf3 17. Qxf3 Nxe5 18. Qe4 Ng6 19. Bxc5 Qxc5 20. a3 Rad8 21. Rxd8 Rxd8 22. Rd1 Rxd1+ 23. Nxd1 Nc4 24. a4 bxa4 25. Bxa4 Qd5 26. Qc2 Qd4 27. h3 h6 28. Bb3 Nge5 29. Nc3 Nd6 30. Qe2 Nd3 31. Qc2 Nf5 32. Ba4 Ne7 33. Qd2 Ng6 34. Bc6 e5 35. Be4 Ngf4 36. Qe3 Nxb2 0-1

[Event "IECC CL1-2000.02 "]
[Site "IECC email"]
[Date "1999.11.04"]
[Round "?"]
[White "Manukyan, Artak"]
[Black "Koch, Christian"]
[Result "1/2-1/2"]
[WhiteElo "2218"]
[BlackElo "2339"]
[PlyCount "131"]
[EventDate "2000.??.??"]
[EventType "tourn (corr)"]
[EventRounds "4"]
[SourceTitle "Corr 2008"]
[Source "ChessBase"]
[SourceDate "2008.06.24"]
[SourceVersion "1"]
[SourceVersionDate "2008.06.24"]
[SourceQuality "1"]

1. e4 c5 2. Nf3 Nc6 3. c3 d5 4. exd5 Qxd5 5. d4 Nf6 6. dxc5 Qxd1+ 7. Kxd1 Bg4 8. b4 0-0-0+ 9. Kc2 Bf5+ 10. Kb2 Ng4 11. Be3 Nxe3 12. fxe3 f6 13. Bb5 e5 14. Na3 Be7 15. Rad1 h5 16. Nc4 Kc7 17. h3 b6 18. cxb6+ axb6 19. a4 Na7 20. Ba6 Nc6 21. Rhf1 Bd3 22. Rxd3 Rxd3 23. Nxb6 Rd6 24. Nc4 Rdd8 25. b5 Ra8 26. Kc2 Bc5 27. a5 Nb8 28. b6+ Bxb6 29. axb6+ Kc6 30. Ncxe5+ fxe5 31. Nxe5+ Kxb6 32. Bd3 Ra2+ 33. Kb3 Rxg2 34. Nc4+ Kc7 35. Rf7+ Kd8 36. Bf5 g6 37. Rb7 Na6 38. Rd7+ Ke8 39. Ra7 Nc5+ 40. Kb4 Kf8 41. Kxc5 gxf5 42. Nd6 Rf2 43. c4 Rh6 44. Rf7+ Kg8 45. Rxf5 Rh2 46. Rg5+ Kf8 47. Rg3 Rd2 48. Rf3+ Kg8 49. Ne4 Rd3 50. Nf2 Rd2 51. Kb4 Rc2 52. Ne4 Rb6+ 53. Kc5 Rb8 54. Nd6 Rb3 55. h4 Rh2 56. Nf5 Ra3 57. Kb4 Raa2 58. e4 Kf7 59. c5 Ke6 60. c6 Rhb2+ 61. Rb3 Rxb3+ 62. Kxb3 Ra7 63. Nd4+ Ke5 64. Nb5 Ra8 65. c7 Kxe4 66. Nd6+ 1/2-1/2

[Event "IECC CL1-2000.02 "]
[Site "IECC email"]
[Date "1999.11.04"]
[Round "?"]
[White "Monteverde, Italo"]
[Black "Manukyan, Artak"]
[Result "1-0"]
[WhiteElo "2322"]
[BlackElo "2243"]
[PlyCount "93"]
[EventDate "2000.??.??"]
[EventType "tourn (corr)"]
[EventRounds "4"]
[SourceTitle "Corr 2008"]
[Source "ChessBase"]
[SourceDate "2008.06.24"]
[SourceVersion "1"]
[SourceVersionDate "2008.06.24"]
[SourceQuality "1"]

1. d4 g6 2. e4 Bg7 3. c4 d6 4. Nc3 Nd7 5. g4 c5 6. Nf3 Qa5 7. h3 cxd4 8. Nxd4 Nc5 9. f3 Na4 10. Qxa4+ Qxa4 11. Nxa4 Bxd4 12. Bd2 Bd7 13. Nc3 h6 14. 0-0-0 Nf6 15. Ne2 Bc5 16. Bc3 Ba4 17. b3 Bc6 18. b4 Be3+ 19. Kb1 0-0 20. Bxf6 exf6 21. Nc3 Kg7 22. Rxd6 Rfd8 23. Rxd8 Rxd8 24. Nd5 Bf2 25. b5 Bd7 26. Rh2 Be1 27. Rg2 Be6 28. Kc2 Ba5 29. h4 Ra8 30. h5 a6 31. bxa6 Rxa6 32. Kd1 Rd6 33. Rb2 b6 34. Ke2 f5 35. gxf5 gxf5 36. Ke3 fxe4 37. fxe4 Kf8 38. e5 Rc6 39. Bd3 Rc5 40. Ke4 Rc6 41. a3 Ke8 42. Rb1 Kf8 43. Kd4 Bc8 44. Nf6 Ke7 45. Be4 Rxf6 46. exf6+ Kxf6 47. Bd5 1-0

[Event "IECC TH-M email"]
[Site "IECC email"]
[Date "1999.08.12"]
[Round "?"]
[White "Manukyan, Artak"]
[Black "Che Hassan, Muhamad Aizuddin"]
[Result "1-0"]
[WhiteElo "2195"]
[BlackElo "1973"]
[PlyCount "67"]
[EventDate "1999.??.??"]
[EventType "match (corr)"]
[EventRounds "2"]
[SourceTitle "Corr 2008"]
[Source "ChessBase"]
[SourceDate "2008.06.24"]
[SourceVersion "1"]
[SourceVersionDate "2008.06.24"]
[SourceQuality "1"]

1. d4 Nf6 2. c4 e6 3. Nc3 Bb4 4. Qc2 0-0 5. a3 Bxc3+ 6. Qxc3 b6 7. Bg5 Bb7 8. f3 h6 9. Bh4 d5 10. e3 Nbd7 11. cxd5 Nxd5 12. Bxd8 Nxc3 13. Bh4 Nd5 14. Bf2 Rac8 15. e4 Ne7 16. Bb5 Rfd8 17. Ne2 c5 18. Bxd7 Rxd7 19. dxc5 bxc5 20. Rd1 Rxd1+ 21. Kxd1 a5 22. Nc3 c4 23. Bb6 Nc6 24. Kc2 Ba6 25. Rd1 Rb8 26. Bc7 Rb7 27. Bg3 Kf8 28. Na4 Bb5 29. Nc5 Ra7 30. a4 Ba6 31. Rd6 Bb7 32. Bf2 Kg8 33. Kc3 Nb4 34. Rd7 1-0

[Event "IECC TH-M email"]
[Site "IECC email"]
[Date "1999.08.05"]
[Round "?"]
[White "Manukyan, Artak"]
[Black "Bilsel, Sabahaddin"]
[Result "1-0"]
[WhiteElo "2190"]
[BlackElo "1965"]
[PlyCount "67"]
[EventDate "1999.??.??"]
[EventType "match (corr)"]
[EventRounds "2"]
[SourceTitle "Corr 2008"]
[Source "ChessBase"]
[SourceDate "2008.06.24"]
[SourceVersion "1"]
[SourceVersionDate "2008.06.24"]
[SourceQuality "1"]

1. d4 d5 2. c4 c6 3. cxd5 cxd5 4. Nc3 Nf6 5. Nf3 Nc6 6. Bf4 Bf5 7. e3 e6 8. Bb5 Nd7 9. Qa4 Rc8 10. 0-0 a6 11. Bxc6 Rxc6 12. Rfc1 Be7 13. Nd1 b5 14. Qb3 Rc4 15. Nd2 Qa5 16. Nc3 Rb4 17. Qd1 Rxb2 18. e4 dxe4 19. a4 Qd8 20. axb5 axb5 21. Ra7 e5 22. Be3 exd4 23. Bxd4 Bc5 24. Ndxe4 Bxa7 25. Nd6+ Kf8 26. Nxf5 Bxd4 27. Qxd4 f6 28. Ne4 Re2 29. Qb4+ Kg8 30. Ne7+ Kf7 31. Nc6 Qa8 32. Nd6+ Kf8 33. Nxb5+ Kf7 34. Qc4+ 1-0

[Event "IECC KO email"]
[Site "IECC email"]
[Date "1999.07.31"]
[Round "?"]
[White "Boronka, Joseph"]
[Black "Manukyan, Artak"]
[Result "1/2-1/2"]
[WhiteElo "2002"]
[BlackElo "2205"]
[PlyCount "35"]
[EventDate "1999.??.??"]
[EventType "tourn (corr)"]
[EventRounds "6"]
[SourceTitle "Corr 2008"]
[Source "ChessBase"]
[SourceDate "2008.06.24"]
[SourceVersion "1"]
[SourceVersionDate "2008.06.24"]
[SourceQuality "1"]

1. e4 c5 2. Nf3 e6 3. d4 cxd4 4. Nxd4 a6 5. Bd3 Bc5 6. Nb3 Ba7 7. Qe2 Ne7 8. Nc3 Nbc6 9. Be3 Bxe3 10. Qxe3 d5 11. exd5 exd5 12. Ne2 0-0 13. 0-0 Bf5 14. Nbd4 Re8 15. Nxf5 Nxf5 16. Qh3 Nh6 17. Rfe1 Qf6 18. Nc3 1/2-1/2